| 000 | 00634nam a2200181Ia 4500 | ||
|---|---|---|---|
| 008 | 090123s9999 xx 000 0 und d | ||
| 082 | _b2370 | ||
| 100 | _aगोडगे त्र्यं.रा. | ||
| 245 | _aगोडपुरवणी वाचन माला | ||
| 250 | _a1 | ||
| 260 | _bकेसरी मुद्रणालय | ||
| 300 | _a51 | ||
| 600 | _aगोडगे त्र्यं.रा. | ||
| 630 | _aगोडपुरवणी वाचन माला | ||
| 700 | _aगोडगे त्र्यं.रा. | ||
| 730 | _aगोडपुरवणी वाचन माला | ||
| 942 | _cBOOK | ||
| 999 |
_c40454 _d40454 |
||